| 000 | 00952nas a2200265 4500 | ||
|---|---|---|---|
| 001 | BR7600789 | ||
| 003 | BR-BrBNA | ||
| 005 | 20231205082914.0 | ||
| 007 | ta | ||
| 008 | 230509b bl.|||p| |||| 00| 00por d | ||
| 040 |
_aBR-BrBNA _bpor _cBiblioteca Nacional de Agricultura |
||
| 041 | _a(Pt) | ||
| 072 | _aF25; L30 | ||
| 100 | 1 | _aSartini, H.J. | |
| 110 | 1 |
_aEscola Superior de Agricultura Luiz de Queiroz, Piracicaba, SP (Brasil) _0Tese (Doutorado) |
|
| 245 | 1 | _aEstudo comparativo entre quatra especies de gramineas de clima tropical, com e sem fertilizacao nitrogenada, na producao de carne de bovinos | |
| 650 | _aNutricao animal | ||
| 650 | _aGraminea tropical | ||
| 650 | _aFertilizante nitrogenado | ||
| 650 | _aGado de corte | ||
| 650 | _aGanho de peso | ||
| 773 | 0 |
_tBoletim de Industria Animal (Brazil) _xISSN 0067-9615 _g(Jan 1975), v. 32(1) p. 57-110 _wBR7600789 |
|
| 909 |
_a202311 _bLúcia _c55 _dLúcia Elande |
||
| 942 |
_2AGRIS _n0 _cANA |
||
| 999 |
_c94996 _d94996 |
||